000 00816cam a2200253 a 4500
001 15215933
005 20241101105853.0
008 080312s2008 enk b 001 0 eng
020 _a9780199230662
050 0 0 _aK3601
_b.H47 2008
082 0 0 _a344.04/1
_222
100 1 _aHerring, Jonathan.
245 1 0 _aMedical law and ethics /
_cJonathan Herring.
250 _a2nd ed.
260 _aOxford ;
_aNew York :
_bOxford University Press,
_c2008.
300 _axxxviii, 657 p. ;
_c25 cm.
500 _aIncludes index
650 0 _aMedical laws and legislation.
650 0 _aMedical ethics.
650 0 _aMedical laws and legislation
_zGreat Britain.
650 0 _aMedical ethics
_zGreat Britain.
856 4 1 _3Table of contents only
_uhttp://www.loc.gov/catdir/toc/ecip0813/2008011163.html
942 _2lcc
_cBK
_n0
999 _c506
_d506